Sports Quiz

Random Sports or State Quiz

2018 March Madness Minefield Quiz Stats

 Plays Quiz Updated Apr 3, 2018

Score 0/31 Timer 05:00
4 Plays Today
% Correct
???
76.6%
???
75.2%
???
66.9%
???
58.2%
???
53.4%
???
52.9%
???
52.8%
???
52.7%
???
49.9%
???
49.7%
???
48.8%
???
46.6%
???
46.4%
???
46.3%
???
46%
???
45.4%
% Correct
???
43.9%
???
42.9%
???
41.4%
???
39%
???
38.2%
???
35.7%
???
33.5%
???
32%
???
31.4%
???
26%
???
24.4%
???
23.7%
???
21.6%
???
19.9%
???
18.2%

You're not logged in!

Compare scores with friends on all Sporcle quizzes.
OR
Log In

Sporcle TV

Today on Sporcle TV


Watch our educational content, quiz creation guides, and fun videos on Sporcle TV.

Show Comments

Extras

Top Quizzes Today


Score Distribution

Your Account Isn't Verified!

In order to create a playlist on Sporcle, you need to verify the email address you used during registration. Go to your Sporcle Settings to finish the process.

Report this User

Report this user for behavior that violates our Community Guidelines.

Details: